O funkciách a funkcionálnych rovniciach

Salvato in:
Dettagli Bibliografici
Natura: Libro
Lingua:slovacco
Pubblicazione: Bratislava Alfa 1984
Serie:Epsilon
Tags: Aggiungi Tag
Nessun Tag, puoi essere il primo ad aggiungerne!!

MARC

LEADER 00000nam a2200000 4500
001 c106381
005 20260327071643.3
041 0 |a slo 
044 |a SK 
245 1 0 |a O funkciách a funkcionálnych rovniciach  |c Jaroslav Smítal 
264 1 |a Bratislava  |b Alfa  |c 1984 
300 |a 143 s. 
490 1 |a Epsilon 
830 0 |a Epsilon